[Event "Abaza op"]
[Site "Abaza"]
[Date "2009.07.23"]
[Round "7"]
[White "Vorobyova, Alyona"]
[Black "Mazhaev, Roman"]
[Result "1-0"]
[WhiteElo "1918"]
[BlackElo "2111"]
[PlyCount "31"]
[EventDate "2009.07.17"]
[EventType "swiss"]
[EventRounds "9"]
[EventCountry "RUS"]
[SourceTitle "EXT 2012"]
[Source "ChessBase"]
[SourceDate "2011.11.24"]
[SourceVersion "1"]
[SourceVersionDate "2011.11.24"]
[SourceQuality "1"]

1. e4 c5 2. c4 Nc6 3. Ne2 Nf6 4. Nbc3 e6 5. d4 cxd4 6. Nxd4 d5 7. cxd5 exd5 8. Bb5 Bd7 9. exd5 Nxd4 10. Bxd7+ Qxd7 11. Qxd4 Rd8 12. 0-0 Nxd5 13. Nxd5 Qxd5 14. Re1+ Be7 15. Qxg7 Rf8 16. Bh6 1-0

[Event "Novokuznetsk op"]
[Site "Novokuznetsk"]
[Date "2008.08.15"]
[Round "4"]
[White "Kovalev, Alexander"]
[Black "Mazhaev, Roman"]
[Result "1-0"]
[WhiteElo "2141"]
[BlackElo "2210"]
[PlyCount "87"]
[EventDate "2008.08.12"]
[EventType "swiss"]
[EventRounds "9"]
[EventCountry "RUS"]
[SourceTitle "EXT 2022"]
[Source "ChessBase"]
[SourceDate "2021.10.06"]
[SourceVersion "1"]
[SourceVersionDate "2021.10.06"]
[SourceQuality "1"]

1. d4 Nf6 2. c4 e6 3. Nf3 d5 4. Nc3 c6 5. Bg5 Be7 6. e3 Nbd7 7. Bd3 0-0 8. 0-0 dxc4 9. Bxc4 b5 10. Bd3 a6 11. Bxf6 gxf6 12. Qc2 h6 13. Ne4 f5 14. Nc5 Nxc5 15. dxc5 Bxc5 16. Bxf5 Qe7 17. Be4 Bb7 18. Ne5 Bd6 19. Nxc6 Qc7 20. g3 f5 21. Bg2 Rac8 22. Rac1 Bxc6 23. Bxc6 Qe7 24. Rfd1 Rc7 25. Qd3 Be5 26. Bf3 Rxc1 27. Rxc1 Bxb2 28. Rc6 Be5 29. Rxa6 b4 30. Qb3 Bd6 31. Qa4 Rc8 32. Ra7 Rc7 33. Ra8+ Kf7 34. Re8 Qd7 35. Bh5+ Kf6 36. Qd1 Be7 37. Qa1+ Rc3 38. Qb2 e5 39. Rg8 e4 40. a3 Qd3 41. Rg6+ Ke5 42. axb4 Bxb4 43. Be2 Ba3 44. Qb8+ 1-0